[Event "Stuttgart-chB int"]
[Site "Ditzingen"]
[Date "2018.05.12"]
[Round "6"]
[White "Hannemann, Manfred"]
[Black "Andrade Fiallos, Rolando Javier"]
[Result "1-0"]
[WhiteElo "1734"]
[BlackElo "1746"]
[PlyCount "78"]
[EventDate "2018.05.10"]
[EventType "swiss"]
[EventRounds "7"]
[EventCountry "GER"]
[SourceTitle "EXT 2020"]
[Source "ChessBase"]
[SourceDate "2019.10.17"]
[SourceVersion "1"]
[SourceVersionDate "2019.10.17"]
[SourceQuality "1"]

1. e4 e5 2. Nf3 Nc6 3. Bb5 Nf6 4. d3 d6 5. c3 Bg4 6. 0-0 Be7 7. Re1 0-0 8. Nbd2 a6 9. Ba4 b5 10. Bc2 d5 11. h3 Bh5 12. g4 Bg6 13. Nh4 dxe4 14. Nxg6 hxg6 15. Nxe4 Nd5 16. a4 b4 17. a5 Qd7 18. Ba4 bxc3 19. bxc3 Nf4 20. Qf3 Nd5 21. Qg2 Qe6 22. Ng5 Bxg5 23. Bxg5 f6 24. Bd2 Qd6 25. Bc1 Nce7 26. Ba3 Qe6 27. Bb3 c6 28. d4 Rfe8 29. dxe5 f5 30. Rad1 Rad8 31. Rd3 Rd7 32. Red1 Qxe5 33. Re3 Qb8 34. Ba2 Kh8 35. Rxe7 Rdxe7 36. Bxe7 Rxe7 37. gxf5 gxf5 38. Qg5 g6 39. Bxd5 Qd8 1-0